Design for environment : a guide to sustainable product development

Αποθηκεύτηκε σε:
Λεπτομέρειες βιβλιογραφικής εγγραφής
Κύριος συγγραφέας: Fiksel, Joseph R.
Μορφή: Βιβλίο
Γλώσσα:English
Δημοσίευση: New York : McGraw Hill, c2012.
Έκδοση:2nd ed.
Θέματα:
Ετικέτες: Προσθήκη ετικέτας
Δεν υπάρχουν, Καταχωρήστε ετικέτα πρώτοι!

MARC

LEADER 00000cam a2200000 i 4500
001 1/46330
008 140428s2012 nyu| ||| |||| ||eng||
020 |a 9780071776226 
020 |a 0071776222 
035 |l 10117458 
040 |a GR-MyUa  |b gre  |e AACR2 
041 0 |a eng 
082 7 |a 745.2   |2 (23) 
100 1 |a Fiksel, Joseph R. 
245 1 0 |a Design for environment :   |b a guide to sustainable product development /   |c Joseph Fiksel. 
250 |a 2nd ed. 
260 |a New York :   |b McGraw Hill,   |c c2012. 
300 |a xix, 410 σ. ;   |c 22 εκ. 
504 |a Περιλαμβάνει βιβλιογραφίες και ευρετήριο. 
650 0 |a Industrial design  |x Environmental aspects. 
650 0 |a Industrial management  |x Environmental aspects. 
650 0 |a Sustainable development. 
852 |a INST  |b SYROS  |c EUDOXUS  |e 20140428  |h 745.2 FIK  |p 005500011373  |q 005500011373  |t EDX  |y 0 
901 |a BIBL5-2014-1 
920 |a Εύδοξος  |b Παραγγελία  |y Σύρος-ΤΜΣΠΣ  |z 2014-04 
970 |a Κοντού  |b Παρασκευή  |z 28/04/2014